=LDR 00000nam 2200000 4500 =001 INLIS000000000005146 =005 20251008021628 =035 ##$$a 0010-1025000201 =007 ta =008 251008###########################0#ind## =082 ##$$a 338.900 =084 ##$$a 338.900 BAD l =100 #$$a Badan Koordinasi Keluarga Berencana Nasional =245 1#$$a LOGICAL FRAMEWORK ANALYSIS /$c Badan Koordinasi Keluarga Berencana Nasional =260 ##$:$b Badan Koordinasi Keluarga Berencana Nasional =300 ##$$a 11 Hal : $b ilus ; $c 21 =650 #4$$a Keluarga Berencana =856 ##$$a Perpustakaan Kemendukbangga